سيارة السباق / (رقم التسجيلة. 114435)

تفاصيل مارك
000 -LEADER
fixed length control field 00722nam a22002297a 4500
005 - DATE AND TIME OF LATEST TRANSACTION
control field 20251108174639.0
008 - FIXED-LENGTH DATA ELEMENTS--GENERAL INFORMATION
fixed length control field 250721s2007 xx 000 0 ara d
020 ## - INTERNATIONAL STANDARD BOOK NUMBER
International Standard Book Number 9774082737
082 14 - DEWEY DECIMAL CLASSIFICATION NUMBER
Classification number ط/629.287/ويس
100 1# - MAIN ENTRY--PERSONAL NAME
Personal name وست، دافيد
Relator term مؤلف
245 10 - TITLE STATEMENT
Title سيارة السباق /
246 11 - VARYING FORM OF TITLE
Title proper/short title car
264 1# - PRODUCTION, PUBLICATION, DISTRIBUTION, MANUFACTURE, AND COPYRIGHT NOTICE
Place of production, publication, distribution, manufacture الجيزة :
Name of producer, publisher, distributor, manufacturer دار الفاروق للاستثمارات الثقافية،
Date of production, publication, distribution, manufacture, or copyright notice 2007.
300 ## - PHYSICAL DESCRIPTION
Extent 31ص.
490 0# - SERIES STATEMENT
Series statement لماذا لا تعمل الأشياء؟ why thing dont work?
650 17 - SUBJECT ADDED ENTRY--TOPICAL TERM
Topical term or geographic name as entry element المركبات
650 17 - SUBJECT ADDED ENTRY--TOPICAL TERM
Topical term or geographic name as entry element الصيانه
653 ## - INDEX TERM--UNCONTROLLED
Uncontrolled term ناشاون صغار (10-14)سنه
700 1# - ADDED ENTRY--PERSONAL NAME
Personal name كراولي، دومينيك
942 ## - ADDED ENTRY ELEMENTS (KOHA)
Source of classification or shelving scheme Dewey Decimal Classification
Koha item type كتب
المقتنيات
حالة السحب حالة الفقدان مصدر التصنيف حالة التلف غير قابل للإعارة المكتبة الرئيسية المكتبة الحالية موقع الرف تاريخ التزويد الرقم المتسلسل Total Checkouts رقم الإستدعاء الباركود تاريخ آخر ظهور تاريخ الفاتورة نوع المادة (كوها)
    Dewey Decimal Classification     مكتبة قتيبة للأطفال مكتبة قتيبة للأطفال الأطفال 27/02/2018 1667330   ط/629.287/ويس PLD00417918 28/07/2025 27/02/2018 كتب
    Dewey Decimal Classification     مكتبة بدر الجديدة للأطفال مكتبة بدر الجديدة للأطفال الأطفال 23/10/2008 1228596   ط/629.287/ويس PLD00045926 28/07/2025 23/10/2008 كتب
    Dewey Decimal Classification     مكتبة بدر للأطفال مكتبة بدر للأطفال الأطفال 23/10/2008 1228597   ط/629.287/ويس PLD00045927 28/07/2025 23/10/2008 كتب
    Dewey Decimal Classification     مكتبة حمزة العامة مكتبة حمزة العامة الأطفال 23/10/2008 1228601   ط/629.287/ويس PLD00045931 28/07/2025 23/10/2008 كتب
    Dewey Decimal Classification     مكتبة صويلح العامة مكتبة صويلح العامة الأطفال 23/10/2008 1228603   ط/629.287/ويس PLD00045933 28/07/2025 23/10/2008 كتب
    Dewey Decimal Classification     مكتبةمؤتة مكتبةمؤتة الأطفال 28/02/2018 1676856   ط/629.287/ويس PLD00418106 28/07/2025 28/02/2018 كتب
Implemented & Customized by: BBB with SCIT (Smart Chains for Information Technology)

Powered by Koha